000 00382nam a2200157Ia 4500
008 230917s9999||||xx |||||||||||||| ||und||
040 _e214925
_aMAIN
041 _aEnglish
082 _a658.4092 R79C(3)
100 _aRowe, W Glenn
245 0 _aCases in leadership
250 _a3rd ed.
260 _aNew Delhi
_bSage Publications
_c2013
300 _ax, 512 p.
942 _cBK
999 _c179297
_d179297